Random Cycling Quiz - Statistics

General Stats
  • This quiz has been taken 50 times
  • The average score is 6 of 12
Answer Stats
Question Answer % Correct
Which two Grand Tours did Marco Pantani win in the same year? Tour de France and Giro d’Italia
69%
Which of these riders has NEVER won a monument Bradley Wiggins
61%
On which iconic mountain did Chris Froome famously walk during the 2016 Tour de France? Mont Ventoux
61%
Who was the winner of the first tour de france? Maurice Garin
59%
Which bicycle brand has had uninterrupted presence in the UCI WorldTour since 2010? Specialized
55%
In which year did helmets become mandatory in the peloton? 2003
53%
Who of these riders has won Il lombardia Daniel Martin
51%
Which of these races is not a world tour race? Kuurne-Brussel-Kuurne
51%
What is the oldest classic in the World Milano-Torino
43%
Who was the first African rider to win a stage in the Tour de France? Daryl Impey
39%
In which year was Lampre-Merida taken over by UAE Team Emirates? 2017
37%
Who won the 2015 Tour de France stage from Antwerp to Huy? Joaquim Rodriguez
24%
No matching quizzes found
Score Distribution
Percent of People with Each Score
Percentile by Number Answered
Your Score History
You have not taken this quiz